000 01859cam a22004694i 4500
003 PE-LiUPU
005 20250731173402.0
008 150706s r 000 0 d
020 _a9780789916662
035 _a(Sirsi) i9780789916662
040 _aPE-LiUPU
_bspa
_cPE-LiUPU
_erda
049 _aPRUA
082 0 4 _a253.5
_bB48
_221
100 1 _aBiehl, Bobb,
_eautor.
245 1 3 _aEl mentor :
_bcómo encontrar un mentor y ser uno /
_cBobb Biehl.
264 1 _aMiami :
_b Editorial Unilit ,
_c2005.
300 _a253 páginas :
_bilustraciones, ;
_c24 cm.
336 _atext
_2rdacontent
337 _aunmediated
_2rdamedia
338 _avolume
_2rdacarrier
505 0 _aUna forma de hacer un impacto significativo -- El ABC de la relacion mentor-pupilo -- Los beneficios principales de tener un mentor -- La perspectiva del pupilo -- Perspectiva de un mentor -- Implicaciones del cuadro general -- El futuro de la relacion mentor-pupilo -- Informacion para la relacion mentor-pupilo.
526 _aSEG42
526 _aSEG41
526 _aSEG40
526 _aSEG39
526 _aP94
526 _aP87
526 _aP86
526 _aP85
526 _aP77
526 _aP76
526 _aP35
541 _g001-0000514;
650 0 4 _aTutoría en el trabajo de la iglesia.
650 0 4 _aRelaciones interpersonales
_xCristianismo.
910 _a
942 _2ddc
_cBOOK
949 _a253.5 B48
_wDEWEY
_c1
_i63079
_lCCODEBUL1
_mBUL
_p22.00
_r0
_sY
_tBOOK
_u2015-7-6
_xTEOLOGIA
_PP35
_o.STAFF. Colección General
994 _aC0
_bPEPRU
596 _a1
999 _a253.5 B48
_wDEWEY
_c52095
_i63079
_f2021-11-10
_g5
_lCCODEBUL1
_mBUL
_p22.00
_r0
_sY
_tBOOK
_u2015-7-6
_xTEOLOGIA
_PP35
_0COMPRA
_o.STAFF. Colección General
_d52095
980 _81
_gALBERTO SANCHEZ Responsable de Automatización